000 00344 a2200109 4500
001 ART_11708
005 20260410161859.0
008 260409a
245 1 0 _aA note on the theory of public goods and "bluffing"
100 1 _aJohnson, Harry G.
773 0 _tJournal of public economics
_g- Vol. 7, NÂș 3 (jun. 1977)
_wREV11485
999 _c25759
_d25759